| 000 | 01014nam0a2200253 4500 | ||
|---|---|---|---|
| 001 | RU\NLR\bibl\1913694 | ||
| 005 | 20250616200849.0 | ||
| 010 |
_a978-5-91789-095-1 _9500 |
||
| 021 |
_aRU _b2012-37416 _92774 |
||
| 035 | _a(NLR Aleph) 001903215 | ||
| 090 |
_a3075927 _c3075927 |
||
| 100 | _a20120609d2011 |||y0rusy50 ca | ||
| 101 | 0 | _arus | |
| 102 | _aRU | ||
| 105 | _ay ||||||||| | ||
| 200 | 1 | _aУчебно-методическое пособие по выполнению лабораторно-практических занятий с использованием табличного процессора Microsoft Excel по курсу математические модели в экономике | |
| 210 |
_aСочи _cБ.И. _d2011 |
||
| 215 | _d21 | ||
| 700 | 1 |
_aЧакрян _bВ. Р. _4070 |
|
| 801 | 0 |
_aRU _bNLR _c20120609 _gRCR |
|
| 801 | 1 |
_aRU _bNLR _c20120609 |
|
| 942 | _cBOOK | ||
| 980 | _aNB | ||